Journal article Open Access

Conference report: Ancient Manuscripts and Virtual Research Environments

Clivaz, Claire; Allen, Garrick V.


MARC21 XML Export

<?xml version='1.0' encoding='UTF-8'?>
<record xmlns="http://www.loc.gov/MARC21/slim">
  <leader>00000nam##2200000uu#4500</leader>
  <datafield tag="542" ind1=" " ind2=" ">
    <subfield code="l">open</subfield>
  </datafield>
  <datafield tag="700" ind1=" " ind2=" ">
    <subfield code="a">Allen, Garrick V.</subfield>
  </datafield>
  <datafield tag="540" ind1=" " ind2=" ">
    <subfield code="u">https://creativecommons.org/licenses/by/4.0/legalcode</subfield>
    <subfield code="a">Creative Commons Attribution 4.0 International</subfield>
  </datafield>
  <datafield tag="980" ind1=" " ind2=" ">
    <subfield code="a">publication</subfield>
    <subfield code="b">article</subfield>
  </datafield>
  <datafield tag="520" ind1=" " ind2=" ">
    <subfield code="a">&lt;p&gt;Ancient Manuscripts and Virtual Research Environments Lausanne, 10&amp;ndash;11 September 2020 - Conference report&lt;/p&gt;</subfield>
  </datafield>
  <controlfield tag="005">20210111203131.0</controlfield>
  <datafield tag="024" ind1=" " ind2=" ">
    <subfield code="a">10.25592/uhhfdm.8477</subfield>
    <subfield code="2">doi</subfield>
  </datafield>
  <datafield tag="909" ind1="C" ind2="4">
    <subfield code="n">2</subfield>
    <subfield code="c">205-208</subfield>
    <subfield code="v">6</subfield>
    <subfield code="p">Comparative Oriental Manuscript Studies Bulletin</subfield>
  </datafield>
  <datafield tag="260" ind1=" " ind2=" ">
    <subfield code="c">2020-12-23</subfield>
  </datafield>
  <controlfield tag="001">8477</controlfield>
  <datafield tag="650" ind1="1" ind2="7">
    <subfield code="a">cc-by</subfield>
    <subfield code="2">opendefinition.org</subfield>
  </datafield>
  <datafield tag="909" ind1="C" ind2="O">
    <subfield code="o">oai:fdr.uni-hamburg.de:8477</subfield>
    <subfield code="p">user-uhh</subfield>
  </datafield>
  <datafield tag="245" ind1=" " ind2=" ">
    <subfield code="a">Conference report: Ancient Manuscripts and Virtual Research Environments</subfield>
  </datafield>
  <datafield tag="773" ind1=" " ind2=" ">
    <subfield code="a">10.25592/uhhfdm.8476</subfield>
    <subfield code="i">isVersionOf</subfield>
    <subfield code="n">doi</subfield>
  </datafield>
  <datafield tag="856" ind1="4" ind2=" ">
    <subfield code="s">695950</subfield>
    <subfield code="u">https://www.fdr.uni-hamburg.de/record/8477/files/205-208.pdf</subfield>
    <subfield code="z">md5:6f7b6b923cc06f49afa18c89fd79a4db</subfield>
  </datafield>
  <datafield tag="653" ind1=" " ind2=" ">
    <subfield code="a">Manuscript studies</subfield>
  </datafield>
  <datafield tag="653" ind1=" " ind2=" ">
    <subfield code="a">Mark16</subfield>
  </datafield>
  <datafield tag="653" ind1=" " ind2=" ">
    <subfield code="a">Digital humanities</subfield>
  </datafield>
  <datafield tag="653" ind1=" " ind2=" ">
    <subfield code="a">Conference report</subfield>
  </datafield>
  <datafield tag="100" ind1=" " ind2=" ">
    <subfield code="a">Clivaz, Claire</subfield>
  </datafield>
  <datafield tag="980" ind1=" " ind2=" ">
    <subfield code="a">user-uhh</subfield>
  </datafield>
</record>

Cite record as